000 00653cam a22002291 4500
001 pa 61000018
003 DLC
005 20260227111855.0
008 840904s1961 dcu i000 0 eng c
010 _apa 61000018
035 _a(OCoLC)11118850
040 _aPan American Union. Library
_cCU
_dOAk
_dDLC
042 _apremarc
043 _anccr---
050 0 0 _aLAW <Costa Rica 1 Const. 1961>
086 0 _a342.728501
110 1 _aCosta Rica.
245 1 0 _aConstitution of the Republic of Costa Rica, 1949
_b(as amended).
260 _aWashington :
_bPan American Union,
_c1961.
300 _a 36 p. ;
_c28 cm.
710 2 _aPan American Union.
999 _c51455
_d51455